000 00311nam a2200133 i 4500
001 bg
245 0 _aBasic electricity :
_ba course of training developed.
_nP. 1.
260 _aLondon,
_c1959.
040 _cBPK
041 _apol
080 _a621.3
942 _cKS
008 s pl f |000 0 pol
999 _c47107
_d47107
856 _uhttp://koha.tu.koszalin.pl/cgi-bin/koha/opac-detail.pl?biblionumber=47107
_yKatalog online BPK